|
|
|
|
| LEADER |
00581cam a2200157 7i4500 |
| 001 |
0000029553 |
| 005 |
20130503090000.0 |
| 090 |
0 |
0 |
|a MAT 389.63
|b MAL
|
| 110 |
2 |
0 |
|a Malaysia External Trade Development Corporation (MATRADE)
|
| 245 |
2 |
0 |
|a Media conference on Malaysia's trade performance 2012.
|
| 260 |
0 |
0 |
|a Kuala Lumpur:
|b MATRADE,
|c 2012.
|
| 300 |
# |
# |
|a [v.p].
|
| 650 |
0 |
0 |
|a Trade --
|x Performance --
|y 2012 --
|z Malaysia
|
| 651 |
0 |
0 |
|a Malaysia
|
| 710 |
2 |
1 |
|a Ministry of International Trade and Industry Malaysia (MITI)
|
| 999 |
|
|
|a 0000032540
|b Book
|c MATRADEs Collection
|e Business Information Centre
|